Lulu in Hollywood / (Record no. 212)
[ view plain ]
| 000 -LEADER | |
|---|---|
| fixed length control field | 00875cam a22002655a 4500 |
| 001 - CONTROL NUMBER | |
| control field | 3337554 |
| 005 - DATE AND TIME OF LATEST TRANSACTION | |
| control field | 20200421093822.0 |
| 008 - FIXED-LENGTH DATA ELEMENTS--GENERAL INFORMATION | |
| fixed length control field | 010518r20001982nyu 000 0 eng |
| 015 ## - NATIONAL BIBLIOGRAPHY NUMBER | |
| National bibliography number | GBA1-30605 |
| 016 7# - NATIONAL BIBLIOGRAPHIC AGENCY CONTROL NUMBER | |
| Record control number | 0816637318 |
| Source | Uk |
| 020 ## - INTERNATIONAL STANDARD BOOK NUMBER | |
| International Standard Book Number | 0816637318 |
| 035 ## - SYSTEM CONTROL NUMBER | |
| System control number | (UkCU)CU980000055948 |
| 035 ## - SYSTEM CONTROL NUMBER | |
| System control number | (Uk)gb A1030605 |
| 035 ## - SYSTEM CONTROL NUMBER | |
| System control number | 566791 |
| 040 ## - CATALOGING SOURCE | |
| Original cataloging agency | UkCU |
| Transcribing agency | UkCU |
| Modifying agency | Uk |
| 100 1# - MAIN ENTRY--PERSONAL NAME | |
| Personal name | Brooks, Louise, |
| Dates associated with a name | 1906-1985. |
| 245 10 - TITLE STATEMENT | |
| Title | Lulu in Hollywood / |
| Statement of responsibility, etc. | Louise Brooks ; introduction by Kenneth Tynan. |
| 250 ## - EDITION STATEMENT | |
| Edition statement | Expanded ed. |
| 260 ## - PUBLICATION, DISTRIBUTION, ETC. | |
| Place of publication, distribution, etc. | Minneapolis : |
| Name of publisher, distributor, etc. | University of Minnesota Press, |
| Date of publication, distribution, etc. | 2000, c1982. |
| 300 ## - PHYSICAL DESCRIPTION | |
| Extent | xlvi, 115p., [40]p. of plates : |
| Other physical details | ill., ports. ; |
| Dimensions | 23 cm. |
| 500 ## - GENERAL NOTE | |
| General note | Originally published: New York : Knopf, 1982. |
| 600 10 - SUBJECT ADDED ENTRY--PERSONAL NAME | |
| Personal name | Brooks, Louise, |
| Dates associated with a name | 1906-1985. |
| 650 #0 - SUBJECT ADDED ENTRY--TOPICAL TERM | |
| Topical term or geographic name entry element | Motion picture actors and actresses |
| Geographic subdivision | United States |
| Form subdivision | Biography. |
| 942 ## - ADDED ENTRY ELEMENTS (KOHA) | |
| Source of classification or shelving scheme | Dewey Decimal Classification |
| Koha item type | Books |
| Withdrawn status | Lost status | Damaged status | Not for loan | Collection | Home library | Current library | Shelving location | Date acquired | Barcode | Date last seen | Price effective from | Koha item type |
|---|---|---|---|---|---|---|---|---|---|---|---|---|
| Reference | Centerville | Centerville | General stacks | 09/04/2014 | 39999000009132 | 09/04/2014 | 09/04/2014 | Books | ||||
| Reference | Midway | Midway | General stacks | 09/04/2014 | 39999000009156 | 09/04/2014 | 09/04/2014 | Books |